[Event "Titled Tuesday intern op 02nd Apr Early"]
[Site "Chess.com INT"]
[Date "2024.04.02"]
[Round "1"]
[White "Haug, Havard"]
[Black "Suleimen, Ergali"]
[Result "1-0"]
[WhiteElo "2334"]
[BlackElo "2246"]
[PlyCount "135"]
[EventDate "2024.04.02"]
[EventType "swiss (blitz)"]
[EventRounds "11"]
[EventCountry "USA"]
[SourceTitle "CB15_2024"]
[SourceDate "2024.04.10"]
[SourceVersion "1"]
[SourceVersionDate "2024.04.10"]
[SourceQuality "1"]

1. b3 Nf6 2. Bb2 e6 3. g3 Be7 4. Bg2 0-0 5. Nf3 b6 6. 0-0 Bb7 7. d3 c5 8. Nbd2 d5 9. Re1 Nc6 10. e4 Qd7 11. Ne5 Nxe5 12. Bxe5 Rfd8 13. f4 dxe4 14. Nxe4 Nd5 15. Qg4 f6 16. Bb2 Kh8 17. Nf2 Nb4 18. Qxe6 Bxg2 19. Kxg2 Qb7+ 20. Qe4 Qxe4+ 21. Rxe4 Bf8 22. Re2 Kg8 23. a3 Nd5 24. Rae1 Rd7 25. Re8 Rad8 26. Rxd8 Rxd8 27. Ne4 Kf7 28. Re2 h6 29. Kf3 f5 30. Nd2 Re8 31. Rxe8 Kxe8 32. Nc4 g6 33. Ne3 Ne7 34. c4 Nc6 35. Bc3 Kf7 36. Nc2 Bg7 37. Bxg7 Kxg7 38. Ke3 Kf6 39. d4 Na5 40. Na1 Ke6 41. d5+ Kd6 42. Kd3 a6 43. b4 Nb7 44. Nb3 a5 45. b5 Nd8 46. Nd2 Nf7 47. Nf3 g5 48. Ke3 g4 49. Nh4 Ke7 50. Nxf5+ Kf6 51. Ke4 h5 52. Ne3 Nd6+ 53. Kd3 Kg6 54. Nd1 Kf5 55. Nc3 Kg6 56. Ne4 Nf5 57. d6 Kf7 58. d7 Ke7 59. Nf6 Nd4 60. Nxh5 Ne6 61. f5 Ng5 62. Nf6 Nf7 63. Nxg4 Kxd7 64. Ke4 Ke7 65. h4 Nd6+ 66. Kd5 Nxf5 67. Kc6 Ne3 68. Nxe3 1-0

[Event "Titled Tuesday intern op 02nd Apr Early"]
[Site "Chess.com INT"]
[Date "2024.04.02"]
[Round "5"]
[White "Ho, In Hei Henry"]
[Black "Suleimen, Ergali"]
[Result "1-0"]
[WhiteElo "1762"]
[BlackElo "2246"]
[PlyCount "127"]
[EventDate "2024.04.02"]
[EventType "swiss (blitz)"]
[EventRounds "11"]
[EventCountry "USA"]
[SourceTitle "CB15_2024"]
[SourceDate "2024.04.10"]
[SourceVersion "1"]
[SourceVersionDate "2024.04.10"]
[SourceQuality "1"]

1. d4 Nf6 2. c4 e6 3. Nf3 d5 4. Nc3 Be7 5. Bf4 0-0 6. e3 c5 7. cxd5 Nxd5 8. Nxd5 exd5 9. Be2 cxd4 10. Nxd4 Bb4+ 11. Kf1 Nc6 12. a3 Bd6 13. Bxd6 Qxd6 14. Rc1 Be6 15. h4 Rac8 16. g3 Ne5 17. Kg2 a6 18. Qb3 Qd7 19. Rhd1 Bh3+ 20. Kg1 Bg4 21. Bxg4 Qxg4 22. Qxd5 Rxc1 23. Rxc1 Nd3 24. Rc7 Qd1+ 25. Kg2 Qd2 26. Qf5 Ne1+ 27. Kh3 g6 28. Qf6 Qd3 29. Nf3 Qf1+ 30. Kg4 Qb5 31. Ng5 Qe8 32. h5 gxh5+ 33. Kxh5 Nd3 34. Kh6 Qe5 35. Qxe5 Nxe5 36. Nxh7 Rd8 37. Nf6+ Kf8 38. Rxb7 Rd6 39. Kg5 Nf3+ 40. Kf5 Rd2 41. Nd7+ Ke7 42. Ne5+ Ke8 43. Nxf3 Rxf2 44. Ke4 Rc2 45. Rb6 Rc4+ 46. Nd4 Rc7 47. Rxa6 Re7+ 48. Kd3 Rb7 49. b4 f5 50. Ra5 f4 51. exf4 Rg7 52. Rc5 Rxg3+ 53. Kc4 Rxa3 54. b5 Kd7 55. Kd5 Ra1 56. b6 Rb1 57. Rb5 Rh1 58. b7 Rh5+ 59. f5 Rg5 60. b8Q Rxf5+ 61. Kc4 Rf6 62. Qb7+ Ke8 63. Rc5 Rc6 64. Rxc6 1-0

[Event "Titled Tuesday intern op 02nd Apr Early"]
[Site "Chess.com INT"]
[Date "2024.04.02"]
[Round "9"]
[White "King, Alexander B"]
[Black "Suleimen, Ergali"]
[Result "1-0"]
[WhiteElo "2263"]
[BlackElo "2246"]
[PlyCount "111"]
[EventDate "2024.04.02"]
[EventType "swiss (blitz)"]
[EventRounds "11"]
[EventCountry "USA"]
[SourceTitle "CB15_2024"]
[SourceDate "2024.04.10"]
[SourceVersion "1"]
[SourceVersionDate "2024.04.10"]
[SourceQuality "1"]

1. c4 e5 2. g3 Nf6 3. Bg2 d5 4. cxd5 Nxd5 5. Nc3 c6 6. Nf3 Bd6 7. 0-0 0-0 8. d4 exd4 9. Nxd5 cxd5 10. Nxd4 Be5 11. Be3 Nc6 12. Nxc6 bxc6 13. Bd4 Bd6 14. Rc1 Bf5 15. Rxc6 Be4 16. Bxe4 dxe4 17. Bxg7 Bxg3 18. hxg3 Qxd1 19. Rxd1 Kxg7 20. Rd4 f5 21. Rd7+ Rf7 22. Rxf7+ Kxf7 23. Rc7+ Kg6 24. b4 a5 25. b5 a4 26. Rc4 Kf6 27. b6 Ke6 28. a3 Kd5 29. Rxa4 Rb8 30. Rb4 Kc5 31. Kg2 Kc6 32. Kh3 Kb7 33. g4 Rg8 34. gxf5 Rf8 35. Rxe4 Rxf5 36. f3 Kxb6 37. Rh4 h6 38. Kg3 h5 39. e4 Ra5 40. Kf4 Kc6 41. Rh1 Kd6 42. Rd1+ Ke6 43. Rd5 Rxa3 44. Rxh5 Rb3 45. Rh6+ Kf7 46. Ra6 Rc3 47. Kg4 Ke7 48. f4 Rc4 49. Kf5 Rb4 50. Ra7+ Ke8 51. e5 Rb7 52. Rxb7 Kd8 53. Ra7 Kc8 54. Rh7 Kb8 55. e6 Ka8 56. Rf7 1-0

[Event "Titled Tuesday intern op 02nd Apr Early"]
[Site "Chess.com INT"]
[Date "2024.04.02"]
[Round "3"]
[White "Suleimen, Ergali"]
[Black "Gubajdullin, Alexey"]
[Result "0-1"]
[WhiteElo "2246"]
[BlackElo "2229"]
[PlyCount "120"]
[EventDate "2024.04.02"]
[EventType "swiss (blitz)"]
[EventRounds "11"]
[EventCountry "USA"]
[SourceTitle "CB15_2024"]
[SourceDate "2024.04.10"]
[SourceVersion "1"]
[SourceVersionDate "2024.04.10"]
[SourceQuality "1"]

1. e4 g6 2. d4 Bg7 3. Nc3 d6 4. f4 c6 5. Nf3 Bg4 6. Be3 Qb6 7. Rb1 Bxf3 8. gxf3 d5 9. exd5 Nf6 10. f5 Nxd5 11. Nxd5 cxd5 12. Bd3 Nc6 13. c3 Bf6 14. 0-0 g5 15. f4 Rg8 16. Kh1 g4 17. Rg1 h5 18. h3 0-0-0 19. hxg4 hxg4 20. Rxg4 Rh8+ 21. Kg2 Rh7 22. Qf3 Qa5 23. a3 Rdh8 24. Bg1 Rh3 25. Rg3 R3h4 26. Rg4 R4h7 27. Re1 Qd8 28. Qg3 Rh3 29. Qxh3 Rxh3 30. Kxh3 Na5 31. Be3 Nc4 32. Reg1 Qb6 33. Bxc4 dxc4 34. R1g2 Qb5 35. Kg3 Qxf5 36. Kf3 Kd7 37. Rd2 Qb1 38. Rgg2 Qf1+ 39. Rgf2 Qh1+ 40. Rg2 a5 41. Bf2 b5 42. Be3 Qh5+ 43. Kf2 Bh4+ 44. Kg1 Qf3 45. Bf2 Bf6 46. f5 Qxf5 47. Be1 Bg5 48. Rde2 Bf6 49. Bg3 Qd3 50. Be5 Qd1+ 51. Kh2 Bh4 52. Bg3 Bg5 53. Be5 f6 54. Bg3 Qd3 55. Rgf2 Be3 56. Rg2 Bc1 57. Bh4 Qf3 58. Bg3 Qh5+ 59. Kg1 Qh3 60. Rh2 Qxg3+ 0-1

[Event "Wch U16"]
[Site "Montesilvano"]
[Date "2023.11.15"]
[Round "3"]
[White "Suleimen, Ergali"]
[Black "Macias Pino, Diego"]
[Result "1/2-1/2"]
[WhiteElo "2285"]
[BlackElo "2457"]
[PlyCount "72"]
[EventDate "2023.11.13"]
[EventType "swiss"]
[EventRounds "11"]
[EventCountry "ITA"]
[SourceTitle "CB48_2023"]
[SourceDate "2023.11.29"]
[SourceVersion "1"]
[SourceVersionDate "2023.11.29"]
[SourceQuality "1"]

1. e4 e5 2. Nf3 Nc6 3. Bb5 a6 4. Ba4 d6 5. c4 Bg4 6. h3 Bxf3 7. Qxf3 Nf6 8. Nc3 Nd7 9. Bxc6 bxc6 10. 0-0 Nc5 11. Ne2 Ne6 12. Qe3 Be7 13. d4 exd4 14. Nxd4 Nxd4 15. Qxd4 Bf6 16. Qd3 0-0 17. Rb1 c5 18. b3 Re8 19. Bb2 a5 20. Rfe1 Bxb2 21. Rxb2 Qf6 22. Rbe2 Qe5 23. Qd5 Qxd5 24. exd5 Rxe2 25. Rxe2 a4 26. Re7 axb3 27. axb3 Rc8 28. Re1 Kf8 29. Ra1 Rb8 30. Ra3 Ke7 31. Kf1 Kd7 32. Ke2 Re8+ 33. Kd2 h5 34. Ra4 h4 35. b4 cxb4 36. Rxb4 Re4 1/2-1/2

[Event "World ol U16"]
[Site "Eindhoven"]
[Date "2023.08.16"]
[Round "6.7"]
[White "Suleimen, Ergali"]
[Black "Borrmann, Laurenz"]
[Result "1-0"]
[WhiteElo "2318"]
[BlackElo "2284"]
[PlyCount "45"]
[EventDate "2023.08.13"]
[EventType "team-swiss"]
[EventRounds "9"]
[EventCountry "NED"]
[SourceTitle "CBM 215 Extra"]
[Source "ChessBase"]
[SourceDate "2023.09.30"]
[SourceVersion "1"]
[SourceVersionDate "2023.09.30"]
[SourceQuality "1"]
[WhiteTeam "Kazakhstan II"]
[BlackTeam "Austria"]
[WhiteTeamCountry "KAZ"]
[BlackTeamCountry "AUT"]

1. e4 e5 2. Nf3 Nc6 3. Bb5 a6 4. Ba4 Nf6 5. 0-0 Be7 6. Re1 b5 7. Bb3 Bb7 8. d4 Nxd4 9. Bxf7+ Kf8 10. Bd5 c6 11. Bb3 Nxb3 12. axb3 d6 13. c4 c5 14. Nc3 h6 15. Nh4 Kf7 16. Nf5 Qd7 17. f4 Nxe4 18. Qg4 Nxc3 19. Qxg7+ Ke6 20. Nd4+ cxd4 21. f5+ Kxf5 22. Rf1+ Ke4 23. Qg6+ 1-0

[Event "World ol U16"]
[Site "Eindhoven"]
[Date "2023.08.15"]
[Round "5.9"]
[White "Pichon, Ewen"]
[Black "Suleimen, Ergali"]
[Result "1/2-1/2"]
[WhiteElo "2231"]
[BlackElo "2318"]
[PlyCount "131"]
[EventDate "2023.08.13"]
[EventType "team-swiss"]
[EventRounds "9"]
[EventCountry "NED"]
[SourceTitle "CBM 215 Extra"]
[Source "ChessBase"]
[SourceDate "2023.09.30"]
[SourceVersion "1"]
[SourceVersionDate "2023.09.30"]
[SourceQuality "1"]
[WhiteTeam "France"]
[BlackTeam "Kazakhstan II"]
[WhiteTeamCountry "FRA"]
[BlackTeamCountry "KAZ"]

1. d4 Nf6 2. c4 g6 3. Nc3 d5 4. cxd5 Nxd5 5. e4 Nxc3 6. bxc3 Bg7 7. Nf3 c5 8. h3 Nc6 9. Be3 0-0 10. Be2 cxd4 11. cxd4 Qa5+ 12. Bd2 Qa3 13. d5 Ne5 14. 0-0 Nxf3+ 15. Bxf3 Bxa1 16. Qxa1 f6 17. Rb1 a5 18. Bh6 Rf7 19. e5 fxe5 20. Qxe5 Qd6 21. Qe3 b5 22. Rxb5 Rb8 23. Qb3 Rxb5 24. Qxb5 Qd8 25. Qb8 Rxf3 26. gxf3 Kf7 27. Qf4+ Bf5 28. Qe5 Qd6 29. Qg7+ Ke8 30. Bg5 h5 31. h4 Kd7 32. Kg2 Qc5 33. Qe5 Qd6 34. Qd4 Qb4 35. Qe3 Ke8 36. Qa7 Kf7 37. Qc7 Qa3 38. d6 Qxd6 39. Qxa5 Bd7 40. Qc3 e5 41. a4 Qe6 42. a5 e4 43. fxe4 Qxe4+ 44. f3 Qe6 45. Kf2 Qa2+ 46. Ke3 Qe6+ 47. Kd2 Qd5+ 48. Kc1 Qc6 49. Kb2 Qxc3+ 50. Kxc3 Ke6 51. a6 Bb5 52. a7 Bc6 53. f4 Kd7 54. Kd4 Kc8 55. Kc5 Bf3 56. Kb6 Be4 57. Bf6 Bf3 58. Bd4 Be4 59. Bg1 Bf3 60. Kc5 Kb7 61. Kd6 Be4 62. Ke5 Bf5 63. Kf6 Ka8 64. Kg5 Be4 65. f5 Bxf5 66. Be3 1/2-1/2

[Event "World ol U16"]
[Site "Eindhoven"]
[Date "2023.08.15"]
[Round "4.17"]
[White "Suleimen, Ergali"]
[Black "Kiladze, Luka"]
[Result "1-0"]
[WhiteElo "2318"]
[BlackElo "2030"]
[PlyCount "51"]
[EventDate "2023.08.13"]
[EventType "team-swiss"]
[EventRounds "9"]
[EventCountry "NED"]
[SourceTitle "CBM 215 Extra"]
[Source "ChessBase"]
[SourceDate "2023.09.30"]
[SourceVersion "1"]
[SourceVersionDate "2023.09.30"]
[SourceQuality "1"]
[WhiteTeam "Kazakhstan II"]
[BlackTeam "Georgia"]
[WhiteTeamCountry "KAZ"]
[BlackTeamCountry "GEO"]

1. e4 c5 2. Nf3 Nc6 3. Bb5 g6 4. Bxc6 dxc6 5. d3 Bg7 6. h3 e5 7. Be3 Qe7 8. Nc3 Nf6 9. Qd2 h6 10. 0-0 Nd7 11. Nh2 Nf8 12. f4 exf4 13. Bxf4 Ne6 14. Bg3 Nd4 15. Rae1 0-0 16. e5 Bf5 17. Ne4 Bxe4 18. Rxe4 Nf5 19. Bf4 Kh7 20. Ng4 Rae8 21. b3 Qd7 22. Bxh6 Re6 23. Bxg7 Kxg7 24. Nf6 Rxf6 25. exf6+ Kxf6 26. Rxf5+ 1-0

[Event "Astana Zhuldyzdary op-A"]
[Site "Astana"]
[Date "2023.07.18"]
[Round "10"]
[White "Suleimen, Ergali"]
[Black "Agmanov, Zhandos"]
[Result "1/2-1/2"]
[WhiteElo "2296"]
[BlackElo "2430"]
[PlyCount "68"]
[EventDate "2023.07.11"]
[EventType "swiss"]
[EventRounds "10"]
[EventCountry "KAZ"]
[SourceTitle "EXT 2024"]
[Source "ChessBase"]
[SourceDate "2023.10.10"]
[SourceVersion "1"]
[SourceVersionDate "2023.10.10"]
[SourceQuality "1"]

1. e4 e6 2. d4 d5 3. Nd2 c5 4. Ngf3 cxd4 5. exd5 Qxd5 6. Bc4 Qd7 7. 0-0 Nc6 8. Nb3 a6 9. Nbxd4 Nxd4 10. Nxd4 Qc7 11. Bd3 Bd6 12. h3 Nf6 13. Re1 0-0 14. c3 b6 15. Bg5 Be7 16. Qe2 Ra7 17. Rad1 Nd5 18. Bxe7 Nxe7 19. Nf3 Nd5 20. Ne5 Nf4 21. Qe4 Ng6 22. Bb1 Qxe5 23. Qxe5 Nxe5 24. Rxe5 Rd7 25. Rxd7 Bxd7 26. Bd3 a5 27. Re4 Rb8 28. Rd4 Be8 29. f4 Kf8 30. Kf2 h6 31. Ke3 Ke7 32. h4 h5 33. g3 g6 34. a3 Bc6 1/2-1/2

[Event "Astana Zhuldyzdary op-A"]
[Site "Astana"]
[Date "2023.07.17"]
[Round "9"]
[White "Kuziev, Miraziz"]
[Black "Suleimen, Ergali"]
[Result "0-1"]
[WhiteElo "2049"]
[BlackElo "2296"]
[PlyCount "72"]
[EventDate "2023.07.11"]
[EventType "swiss"]
[EventRounds "10"]
[EventCountry "KAZ"]
[SourceTitle "CBM 215 Extra"]
[Source "ChessBase"]
[SourceDate "2023.09.30"]
[SourceVersion "1"]
[SourceVersionDate "2023.09.30"]
[SourceQuality "1"]

1. d4 Nf6 2. c4 g6 3. Nc3 d5 4. cxd5 Nxd5 5. e4 Nxc3 6. bxc3 Bg7 7. Nf3 c5 8. h3 Nc6 9. Be3 0-0 10. Be2 cxd4 11. cxd4 Qa5+ 12. Bd2 Qa3 13. d5 Ne5 14. 0-0 Nxf3+ 15. Bxf3 Bxa1 16. Qxa1 f6 17. Rb1 a5 18. Be2 Bd7 19. Rxb7 Qd6 20. Bh6 Rfb8 21. e5 fxe5 22. Rxd7 Qxd7 23. Qxe5 Rb1+ 24. Bf1 e6 25. d6 Rd1 26. g4 Rxd6 27. Bc4 Rd8 28. Bb3 Rd1+ 29. Kh2 Rd6 30. h4 Qf7 31. Kg2 a4 32. Bxa4 Rd4 33. Bb3 Rxg4+ 34. Kf1 Re8 35. Bd2 Qf5 36. Qd6 Qb5+ 0-1

[Event "Astana Zhuldyzdary op-A"]
[Site "Astana"]
[Date "2023.07.15"]
[Round "6"]
[White "Suleimen, Ergali"]
[Black "Kazhgaleyev, Murtas"]
[Result "1-0"]
[WhiteElo "2296"]
[BlackElo "2503"]
[PlyCount "67"]
[EventDate "2023.07.11"]
[EventType "swiss"]
[EventRounds "10"]
[EventCountry "KAZ"]
[SourceTitle "CBM 215 Extra"]
[Source "ChessBase"]
[SourceDate "2023.09.30"]
[SourceVersion "1"]
[SourceVersionDate "2023.09.30"]
[SourceQuality "1"]

1. e4 e5 2. Nf3 Nc6 3. Bb5 a6 4. Ba4 Nf6 5. 0-0 b5 6. Bb3 Bb7 7. Re1 Bc5 8. c3 d6 9. d4 Bb6 10. Be3 0-0 11. Nbd2 h6 12. h3 exd4 13. cxd4 Nb4 14. d5 c6 15. dxc6 Nxc6 16. Nf1 Na5 17. Ng3 Re8 18. Bxb6 Qxb6 19. Bc2 Rac8 20. Rc1 Nc4 21. b3 Ne5 22. Nd4 d5 23. exd5 Nxd5 24. Ndf5 Rcd8 25. Qd2 b4 26. Nh5 Nc3 27. Qf4 Ng6 28. Nxh6+ gxh6 29. Qxh6 Qd4 30. Bxg6 fxg6 31. Qxg6+ Kf8 32. Qh6+ Kf7 33. Qh7+ Kf8 34. Qf5+ 1-0

[Event "Astana Zhuldyzdary op-A"]
[Site "Astana"]
[Date "2023.07.13"]
[Round "4"]
[White "Suleimen, Ergali"]
[Black "Goganov, Aleksey"]
[Result "0-1"]
[WhiteElo "2296"]
[BlackElo "2531"]
[PlyCount "45"]
[EventDate "2023.07.11"]
[EventType "swiss"]
[EventRounds "10"]
[EventCountry "KAZ"]
[SourceTitle "CBM 215 Extra"]
[Source "ChessBase"]
[SourceDate "2023.09.30"]
[SourceVersion "1"]
[SourceVersionDate "2023.09.30"]
[SourceQuality "1"]

1. e4 e5 2. Nf3 Nc6 3. Bb5 a6 4. Ba4 Nf6 5. 0-0 Be7 6. Re1 b5 7. Bb3 0-0 8. c3 d5 9. exd5 Nxd5 10. Nxe5 Nxe5 11. Rxe5 c6 12. d3 Bd6 13. Re1 Qh4 14. g3 Qh3 15. Qf3 Bg4 16. Qg2 Qh5 17. Bxd5 cxd5 18. Bf4 Bxf4 19. gxf4 Rae8 20. Nd2 Re6 21. Rxe6 Bxe6 22. Qg5 Qg4+ 23. Kh1 0-1

[Event "Aktobe Dvorkovich op"]
[Site "Aktobe"]
[Date "2023.06.24"]
[Round "6"]
[White "Rychagov, Andrey"]
[Black "Suleimen, Ergali"]
[Result "1-0"]
[WhiteElo "2547"]
[BlackElo "2345"]
[PlyCount "87"]
[EventDate "2023.06.20"]
[EventType "swiss"]
[EventRounds "9"]
[EventCountry "KAZ"]
[SourceTitle "CBM 214 Extra"]
[Source "ChessBase"]
[SourceDate "2023.07.31"]
[SourceVersion "1"]
[SourceVersionDate "2023.07.31"]
[SourceQuality "1"]

1. d4 Nf6 2. c4 g6 3. Nf3 Bg7 4. Nc3 d5 5. cxd5 Nxd5 6. Na4 0-0 7. e4 Nb6 8. Be2 Nxa4 9. Qxa4 c5 10. dxc5 Nd7 11. Qa3 b6 12. c6 Nc5 13. Bf4 Qe8 14. c7 e5 15. Be3 Nxe4 16. Bxb6 Bh3 17. Ba5 Bxg2 18. Rg1 Bh3 19. Nd2 Bf5 20. Rc1 Nxd2 21. Bxd2 e4 22. Bf4 Qe6 23. Rg3 a5 24. Rb3 Be5 25. Bxe5 Qxe5 26. Rg3 Be6 27. Qc3 Qf4 28. Qe3 Qh4 29. Bc4 Bxc4 30. Rxc4 Qxh2 31. Kd2 Qh1 32. Qxe4 Qf1 33. Qd4 Rfe8 34. Kc3 Qe1+ 35. Kb3 a4+ 36. Ka3 Qe7+ 37. Qc5 Qf6 38. Re3 Rec8 39. Re7 Qf3+ 40. Rc3 Qf4 41. Qd5 Qf6 42. Rd7 Rf8 43. Rf3 Qg7 44. Rfxf7 1-0

[Event "Asian Continental op 20th"]
[Site "Almaty"]
[Date "2023.06.11"]
[Round "9"]
[White "Suleimen, Ergali"]
[Black "Amirkul, Alimzhan"]
[Result "1-0"]
[WhiteElo "2345"]
[BlackElo "1934"]
[PlyCount "35"]
[EventDate "2023.06.04"]
[EventType "swiss"]
[EventRounds "9"]
[EventCountry "KAZ"]
[SourceTitle "CBM 214 Extra"]
[Source "ChessBase"]
[SourceDate "2023.07.31"]
[SourceVersion "1"]
[SourceVersionDate "2023.07.31"]
[SourceQuality "1"]

1. e4 c5 2. Nf3 Nc6 3. Bb5 e5 4. 0-0 Bd6 5. d4 Nxd4 6. Bc4 h6 7. Nxd4 cxd4 8. c3 Bc5 9. b4 Bb6 10. Qb3 Qe7 11. a4 Nf6 12. a5 Bc7 13. cxd4 d5 14. exd5 e4 15. Nc3 0-0 16. Nb5 Bb8 17. d6 Qd7 18. Bf4 1-0

[Event "Asian Continental op 20th"]
[Site "Almaty"]
[Date "2023.06.06"]
[Round "4"]
[White "Das, Sayantan"]
[Black "Suleimen, Ergali"]
[Result "1-0"]
[WhiteElo "2508"]
[BlackElo "2345"]
[PlyCount "81"]
[EventDate "2023.06.04"]
[EventType "swiss"]
[EventRounds "9"]
[EventCountry "KAZ"]
[SourceTitle "CBM 214 Extra"]
[Source "ChessBase"]
[SourceDate "2023.07.31"]
[SourceVersion "1"]
[SourceVersionDate "2023.07.31"]
[SourceQuality "1"]

1. e4 c5 2. Nf3 Nc6 3. Bb5 g6 4. Bxc6 dxc6 5. d3 Bg7 6. h3 Nf6 7. Nc3 Nd7 8. Be3 e5 9. Qd2 h6 10. 0-0 b6 11. Nh2 Nf6 12. a4 a5 13. b3 Be6 14. Ne2 Nh5 15. Rab1 g5 16. c3 Nf4 17. Bxf4 exf4 18. d4 0-0 19. Rfd1 f5 20. e5 Bd5 21. f3 cxd4 22. c4 Be6 23. Nxd4 Qe8 24. Qf2 c5 25. Nb5 Bxe5 26. Re1 Bd7 27. Qd2 Bc6 28. Re2 Rf7 29. Nd6 Bd4+ 30. Kh1 Qf8 31. Nxf7 Qxf7 32. Rbe1 Re8 33. Rxe8+ Bxe8 34. Qe2 Bd7 35. Qe7 Be3 36. Qd8+ Kg7 37. Qxb6 Qf6 38. Qxa5 g4 39. Qc7 Qd4 40. hxg4 fxg4 41. Nxg4 1-0

[Event "Asian Continental op 20th"]
[Site "Almaty"]
[Date "2023.06.04"]
[Round "1"]
[White "Suleimen, Ergali"]
[Black "Tsoy, Maxim1111"]
[Result "1-0"]
[WhiteElo "2345"]
[BlackElo "1588"]
[PlyCount "44"]
[EventDate "2023.06.04"]
[EventType "swiss"]
[EventRounds "9"]
[EventCountry "KAZ"]
[SourceTitle "CBM 214 Extra"]
[Source "ChessBase"]
[SourceDate "2023.07.31"]
[SourceVersion "1"]
[SourceVersionDate "2023.07.31"]
[SourceQuality "1"]

1. e4 e5 2. Nc3 Nf6 3. g3 Bc5 4. Bg2 0-0 5. d3 c6 6. Nf3 Re8 7. 0-0 d6 8. h3 Nbd7 9. a3 a6 10. d4 Ba7 11. Nh2 Qc7 12. Rb1 h6 13. Re1 Nf8 14. Be3 Ne6 15. Qd2 b5 16. Rbd1 Bb7 17. dxe5 Bxe3 18. Rxe3 dxe5 19. Qd6 Qxd6 20. Rxd6 c5 21. Nd5 Nd4 22. Nc7 Nxc2 1-0

[Event "Asian Continental blitz op 20th"]
[Site "Almaty"]
[Date "2023.06.03"]
[Round "1"]
[White "Sethuraman, SP."]
[Black "Suleimen, Ergali"]
[Result "1-0"]
[WhiteElo "2626"]
[BlackElo "2366"]
[PlyCount "69"]
[EventDate "2023.06.03"]
[EventType "swiss (blitz)"]
[EventRounds "9"]
[EventCountry "KAZ"]
[SourceTitle "CBM 214 Extra"]
[Source "ChessBase"]
[SourceDate "2023.07.31"]
[SourceVersion "1"]
[SourceVersionDate "2023.07.31"]
[SourceQuality "1"]

1. d4 Nf6 2. c4 g6 3. Nc3 d5 4. cxd5 Nxd5 5. e4 Nxc3 6. bxc3 Bg7 7. Bc4 c5 8. Ne2 Nc6 9. Be3 0-0 10. 0-0 b6 11. Qd2 Bb7 12. Rac1 e6 13. Rfd1 cxd4 14. cxd4 Rc8 15. Bb5 a6 16. Ba4 Na5 17. Rxc8 Qxc8 18. Rc1 Nc4 19. Qd3 b5 20. Bb3 Qa8 21. Ng3 Nxe3 22. fxe3 a5 23. a3 Rc8 24. Rxc8+ Qxc8 25. Qxb5 Qc1+ 26. Nf1 Qc7 27. d5 exd5 28. Bxd5 Bc8 29. Qe8+ Bf8 30. a4 Ba6 31. Ng3 Qc1+ 32. Kf2 Qd2+ 33. Kf3 Qd1+ 34. Kf4 g5+ 35. Kf5 1-0

[Event "Kazakhstan Cup"]
[Site "Astana"]
[Date "2023.04.27"]
[Round "6"]
[White "Suleimen, Ergali"]
[Black "Kovalev, Vladislav"]
[Result "0-1"]
[WhiteElo "2398"]
[BlackElo "2612"]
[PlyCount "98"]
[EventDate "2023.04.23"]
[EventType "swiss"]
[EventRounds "9"]
[EventCountry "KAZ"]
[SourceTitle "CBM 213 Extra"]
[Source "ChessBase"]
[SourceDate "2023.05.31"]
[SourceVersion "1"]
[SourceVersionDate "2023.05.31"]
[SourceQuality "1"]

1. e4 e5 2. Nf3 Nc6 3. Bb5 a6 4. Ba4 Nf6 5. 0-0 Be7 6. Re1 b5 7. Bb3 d6 8. c3 0-0 9. d4 Bg4 10. d5 Na5 11. Bc2 Qc8 12. Nbd2 c6 13. h3 Bd7 14. dxc6 Qxc6 15. Nf1 Rfc8 16. Ng3 g6 17. Qe2 Bf8 18. Bd2 Nc4 19. Bg5 Bg7 20. b3 Nb6 21. Bd2 a5 22. Bd3 a4 23. Rec1 Ne8 24. Be3 Nc7 25. Rab1 axb3 26. axb3 Rcb8 27. c4 bxc4 28. Bxb6 Qxb6 29. Bxc4 Bh6 30. Rd1 Bf4 31. Nf1 Nb5 32. Qd3 Na3 33. g3 Nxb1 34. gxf4 Na3 35. fxe5 Nxc4 36. bxc4 Ba4 37. Rd2 dxe5 38. Nxe5 Rd8 39. Qf3 Qe6 40. Ng4 Rxd2 41. Nxd2 h5 42. Nf6+ Kg7 43. Nd5 Qe5 44. Qe3 Bc2 45. Nf3 Ra1+ 46. Ne1 f6 47. Nc3 Qg5+ 48. Qxg5 fxg5 49. Kf1 Bd3+ 0-1

[Event "Cheliabinsk Lozovatsky Memorial-A"]
[Site "Cheliabinsk"]
[Date "2023.02.01"]
[Round "6"]
[White "Bazyrtsyrenov, Kirill"]
[Black "Suleimen, Ergali"]
[Result "0-1"]
[WhiteElo "2278"]
[BlackElo "2071"]
[PlyCount "88"]
[EventDate "2023.01.27"]
[EventType "swiss"]
[EventRounds "10"]
[EventCountry "RUS"]
[SourceTitle "CBM 212 Extra"]
[Source "ChessBase"]
[SourceDate "2023.03.31"]
[SourceVersion "1"]
[SourceVersionDate "2023.03.31"]
[SourceQuality "1"]

1. e4 c5 2. Nc3 Nc6 3. Nge2 Nf6 4. d4 cxd4 5. Nxd4 e5 6. Ndb5 d6 7. Bg5 a6 8. Na3 b5 9. Bxf6 gxf6 10. Nd5 f5 11. g3 fxe4 12. Bg2 Bf5 13. 0-0 Bg7 14. f3 exf3 15. Qxf3 Be6 16. Ne3 Rc8 17. Qh5 Ne7 18. Kh1 0-0 19. Be4 f5 20. Nxf5 Nxf5 21. Rxf5 Rxf5 22. Bxf5 Bxf5 23. Qxf5 Qc7 24. c3 Qc6+ 25. Kg1 Rf8 26. Qc2 Qc5+ 27. Kg2 Qd5+ 28. Kg1 b4 29. cxb4 e4 30. Qc4 Qxc4 31. Nxc4 d5 32. Nd2 Bxb2 33. Rd1 e3 34. Nb3 d4 35. Rxd4 e2 36. Rg4+ Kh8 37. Re4 Rf1+ 38. Kg2 e1Q 39. Rxe1 Rxe1 40. Nc5 Bd4 41. Nxa6 Re2+ 42. Kh3 Rxa2 43. b5 Rb2 44. Nc7 Be5 0-1

[Event "Cheliabinsk Lozovatsky Memorial-A"]
[Site "Cheliabinsk"]
[Date "2023.01.31"]
[Round "5"]
[White "Suleimen, Ergali"]
[Black "Ohanyan, Emin"]
[Result "0-1"]
[WhiteElo "2071"]
[BlackElo "2384"]
[PlyCount "98"]
[EventDate "2023.01.27"]
[EventType "swiss"]
[EventRounds "10"]
[EventCountry "RUS"]
[SourceTitle "CBM 212 Extra"]
[Source "ChessBase"]
[SourceDate "2023.03.31"]
[SourceVersion "1"]
[SourceVersionDate "2023.03.31"]
[SourceQuality "1"]

1. e4 c5 2. Nf3 e6 3. d4 cxd4 4. Nxd4 Nc6 5. Bf4 d6 6. Nxc6 bxc6 7. c4 e5 8. Be3 Nf6 9. Nc3 Ng4 10. Bc1 Qb6 11. Qc2 d5 12. h3 d4 13. Na4 Qa5+ 14. Bd2 Bb4 15. hxg4 Bxd2+ 16. Qxd2 Qxa4 17. g5 c5 18. Bd3 a5 19. f3 Be6 20. Kf2 Qb4 21. Qe2 Ke7 22. g3 Rab8 23. Rab1 Bd7 24. f4 Qb6 25. f5 f6 26. Qd2 fxg5 27. Qxg5+ Qf6 28. Qd2 a4 29. g4 h6 30. Kg3 Qg5 31. Rh2 Kf6 32. Qxg5+ hxg5 33. Rbh1 Rhc8 34. Rc2 Rb6 35. Rhh2 Rcb8 36. Kf3 Be8 37. Kg3 Bf7 38. Kf3 Rb4 39. Kg3 R4b7 40. Kf3 Rb6 41. Kg3 Ra6 42. Rcd2 Raa8 43. Rc2 Ke7 44. Rh7 a3 45. b3 Rxb3 46. axb3 a2 47. Rc1 a1Q 48. Rxa1 Rxa1 49. Rxg7 Rh1 0-1